| 000 | 01222nam a2200265 a 4500 | ||
|---|---|---|---|
| 001 | 78955 | ||
| 003 | BD-RjUL | ||
| 005 | 20211209083208.0 | ||
| 008 | 211202s2002 le 000 0 ara d | ||
| 020 | _a2745133950 | ||
| 035 | _a(CStRLIN)UWON04-B104 | ||
| 040 |
_aUkOxU _cUkOxU _beng |
||
| 041 | _aara | ||
| 082 |
_223 _a297.12552 _bIBS 2002 |
||
| 100 | 1 |
_aابن ماجة، محمد بن يزيد.;; Ibn Mājah, Muḥammad ibn Yazīd, _d-887 _6880-01 _9250943 |
|
| 245 | 1 | 0 |
_aسنن ابن ماجة ;; Sunan Ibn Mājah / _cأبي عبد الله محمد بن يزيد القزويني ؛ ضبط نصها أحمد شمس الدين. ;; Abī ʿAbd Allāh Muḥammad ibn Yazīd al-Qazwīnī ; ḍabaṭa naṣṣahā Aḥmad Shams al-Dīn. |
| 250 | _aal-Ṭabʿah 1. | ||
| 260 |
_aKarachi : _bNur mohammad Asih ; _c2002. |
||
| 300 |
_a335 p. ; _c36 cm. |
||
| 500 | _a"Ṭabʿah jadīdah kāmilah fī mujallad wāḥid, mashkūlah wa-muraqqamat al-kutub wa-al-abwāb wa-al-aḥādīth ḥasab arqām al-Muʿjam al-mufahras li-alfāẓ al-Ḥadīth al-Nabawī al-sharīf." | ||
| 650 | 0 |
_aHadith _vTexts _vEarly works to 1800. _9250944 |
|
| 700 | 1 |
_aShams al-Dīn, Aḥmad. _9250945 |
|
| 942 |
_2ddc _cBK |
||
| 999 |
_c78955 _d78955 |
||